Name all the FIFA 20 Community TOTSSF - Statistics

General Stats
  • This quiz has been taken 10 times
  • The average score is 17 of 22
Answer Stats
Rating Club Player % Correct
93 Barcelona Gerard Pique
100%
93 Real Madrid Thibaut Courtois
100%
92 Crystal Palace Wilfried Zaha
100%
93 Inter Milan Diego Godin
90%
93 Liverpool Joe Gomez
90%
90 Borussia Dortmund Julian Brandt
90%
89 RB Leipzig Nordi Mukiele
90%
93 Barcelona Sergio Busquets
90%
93 Bayern Munich Thiago Alcantara
90%
92 Real Madrid Casemiro
80%
92 West Ham Felipe Anderson
80%
91 Man City Fernandinho
80%
89 Benfica Alex Grimaldo
70%
89 Monchengladbach Marcus Thuram
70%
88 Nantes Moses Simon
70%
89 Lyon Moussa Dembele
70%
89 RB Leipzig Peter Gulacsi
70%
88 Juventus Rodrigo Bentancur
70%
88 Arsenal Bernd Leno
60%
88 Lazio Lucas Leiva
60%
90 PSG Mauro Icardi
60%
88 Porto Pepe
60%
No matching quizzes found
Score Distribution
Percent of People with Each Score
Percentile by Number Answered
Your Score History
You have not taken this quiz